Welcome to CU Library Online Public Access Catalogue (OPAC)

Practical business English / (Record no. 9567)

MARC details
000 -LEADER
fixed length control field 00811cam a2200265 a 4500
001 - CONTROL NUMBER
control field 1559697
005 - DATE AND TIME OF LATEST TRANSACTION
control field 20260422184853.0
008 - FIXED-LENGTH DATA ELEMENTS--GENERAL INFORMATION
fixed length control field 920507s1993 ilua 001 0 eng
020 ## - INTERNATIONAL STANDARD BOOK NUMBER
International Standard Book Number 0256115621
Qualifying information instructor's ed.
020 ## - INTERNATIONAL STANDARD BOOK NUMBER
International Standard Book Number 0256102740
020 ## - INTERNATIONAL STANDARD BOOK NUMBER
International Standard Book Number 9780256115628
Qualifying information (instructor's ed.)
020 ## - INTERNATIONAL STANDARD BOOK NUMBER
International Standard Book Number 9780256102741
050 00 - LIBRARY OF CONGRESS CALL NUMBER
Classification number PE1479.B87
Item number V39 1993
082 00 - DEWEY DECIMAL CLASSIFICATION NUMBER
Classification number 808/.06665
Edition information 20
100 1# - MAIN ENTRY--PERSONAL NAME
Personal name Vawdrey, Colleen.
245 10 - TITLE STATEMENT
Title Practical business English /
Statement of responsibility, etc. Colleen Vawdrey, Ted D. Stoddard, R. DerMont Bell.
260 ## - PUBLICATION, DISTRIBUTION, ETC.
Place of publication, distribution, etc. Homewood, IL :
Name of publisher, distributor, etc. Irwin,
Date of publication, distribution, etc. c1993.
300 ## - PHYSICAL DESCRIPTION
Extent xiv, 625 p. :
Other physical details ill. ;
Dimensions 28 cm.
500 ## - GENERAL NOTE
General note Includes index.
650 #0 - SUBJECT ADDED ENTRY--TOPICAL TERM
Topical term or geographic name entry element English language
General subdivision Business English.
650 #0 - SUBJECT ADDED ENTRY--TOPICAL TERM
Topical term or geographic name entry element Business writing.
700 1# - ADDED ENTRY--PERSONAL NAME
Personal name Stoddard, Ted D.
700 1# - ADDED ENTRY--PERSONAL NAME
Personal name Bell, R. DerMont.
942 ## - ADDED ENTRY ELEMENTS (KOHA)
Source of classification or shelving scheme Library of Congress Classification
Koha item type Books
Suppress in OPAC No
999 ## -
-- 9567
-- 9567
Holdings
Withdrawn status Lost status Source of classification or shelving scheme Damaged status Not for loan Collection Home library Current library Shelving location Date acquired Total checkouts Full call number Barcode Date last seen Copy number Price effective from Koha item type
    Library of Congress Classification     Non-fiction Business Library (Miotso) Business Library (Miotso) General stacks 03/27/2026   PE1479.B87 V39 1993 BSSM00003493 04/22/2026 1 03/27/2026 Books
    Library of Congress Classification     Non-fiction Business Library (Miotso) Business Library (Miotso) General stacks 03/27/2026   PE1479.B87 V39 1993 BSSM00003494 04/22/2026 2 03/27/2026 Books
    Library of Congress Classification     Non-fiction Business Library (Miotso) Business Library (Miotso) General stacks 03/27/2026   PE1479.B87 V39 1993 BSSM00003495 04/22/2026 3 03/27/2026 Books
© 2023-2024 Copyright: Central University Libraries. All Rights Reserved | Created by: Mahone Tech Office